000 00938nam a22002777a 4500
001 BR8200251
003 BR-BrBNA
005 20230928091227.0
007 ta
008 230509b bl.||||| |||| 00| 0 por d
040 _aBR-BrBNA
_bpor
_cBiblioteca Nacional de Agricultura
041 _a(Por)
072 _aF00; F30; L00
_b/G514
090 _ F00 BR8200251
110 1 _aUnidade de Execucao de Pesquisa de Ambito Estadual de Teresina, PI (Brasil)
111 1 _a2. Seminario de Pesquisa Agropecuaria do Piaui
_cTeresina, PI (Brazil)
_d7 Oct 1980
245 1 _aAnais do 2. Seminario de Pesquisa Agropecuaria do Piaui [Brasil]
246 1 _a[Annals of the 2. Farm Research Seminar of Piaui [Brazil]]
260 3 _aTeresina, PI (Brasil):
_c1981.
300 _a228 p.
650 _aProducao vegetal
650 _aMelhoramento genetico vegetal
650 _aProducao animal
909 _a202309
_bLucia
_c55
_dLucia Elande
942 _cBK
999 _c32934
_d32934